|
|
|
|
| LEADER |
00000nam0a2200000 4500 |
| 001 |
152927 |
| 005 |
20231031151209.0 |
| 010 |
|
|
|a 9785367006902
|
| 035 |
|
|
|a (RuTPU)RU\TPU\book\165816
|
| 090 |
|
|
|a 152927
|
| 100 |
|
|
|a 20090206d2008 m y0rusy50 ca
|
| 101 |
0 |
|
|a rus
|
| 102 |
|
|
|a RU
|
| 105 |
|
|
|a a z 000zb
|
| 200 |
1 |
|
|a Лермонтов
|f сост. П. Фокин
|
| 210 |
|
|
|a СПб.
|c Амфора
|d 2008
|
| 215 |
|
|
|a 239 с.
|c ил.
|
| 225 |
1 |
|
|a Без глянца
|
| 330 |
|
|
|a В этой книге собраны отрывки из воспоминаний современников М. Ю. Лермонтова, его друзей и родных. За многочисленными голосами, каждый из которых претендует на беспристрастность, читатель сможет различить могучий и противоречивый образ великого поэта.
|
| 600 |
|
1 |
|a Лермонтов
|g Михаил Юрьевич
|c русский поэт
|f 1814-1841
|c писатель
|b М. Ю.
|2 stltpush
|3 (RuTPU)RU\TPU\pers\1023
|
| 610 |
1 |
|
|a русская литература
|
| 610 |
1 |
|
|a литературоведение
|
| 610 |
1 |
|
|a воспоминания
|
| 675 |
|
|
|a 8Р1(092)
|v 3
|
| 702 |
|
1 |
|a Фокин
|b П.
|g Павел
|4 220
|
| 801 |
|
1 |
|a RU
|b 63413507
|c 20090206
|g PSBO
|
| 801 |
|
2 |
|a RU
|b 63413507
|c 20090930
|g RCR
|
| 942 |
|
|
|c BK
|
| 959 |
|
|
|a 18/20090203
|d 1
|e 210,00
|f ХФ:1
|